000 00672nam a22002537a 4500
003 UA-OsUOA
001 21380
007 ta
008 20031202b un ||||| |||| 00| 0 ukr d
100 _aКочетков В. Н.
090 _a336.71
_bК75
942 _cBK
040 _aUA-OsUOA
_brus
_cUA-OsUOA
_dUA-OsUOA
245 _aАнализ банковской деятельности: теоретико-прикладной аспект
_bМонография
300 _a187 с.
955 _a0
041 _arus
080 _a336.71
020 _a966-608-010-9
260 _aКиев
_bМАУП
_c1999
044 _aRU
650 7 _2UDC
999 _c307575
_d307575